[Event "XXVI C.to Italiano femminile"]
[Site "Porto San Giorgio ITA"]
[Date "1999.08.22"]
[Round "3"]
[White "Sirletti, Sonia"]
[Black "Arnetta, Marianna"]
[Result "1/2-1/2"]
[WhiteElo "1804"]
[BlackElo "1714"]
[PlyCount "76"]
[EventDate "1999.08.20"]

1.d4 e6 2.c4 d5 3.Nc3 Nf6 4.Bg5 Be7 5.e3 Nbd7 6.Nf3 O-O 7.Rc1 c6 8.Bd3 Re8
9.O-O Nf8 10.a3 dxc4 11.Bxc4 Ng6 12.Qb3 h6 13.Bxf6 Bxf6 14.Rfd1 Qa5 15.Ne4
Be7 16.Qc2 Rd8 17.Rd2 Qc7 18.Rcd1 b6 19.Ba2 Bb7 20.d5 exd5 21.Bxd5 Rac8 
22.Ba2 c5 23.Neg5 Rxd2 24.Rxd2 Bxg5 25.Nxg5 c4 26.Ne4 Qc6 27.f3 Qe6 28.Rd4
b5 29.Kf2 Ne5 30.Nd6 Nd3+ 31.Ke2 Rc7 32.Nxb5 Re7 33.e4 Qg6 34.Kf1 Bxe4 35.
Rxe4 Rxe4 36.fxe4 Qf6+ 37.Kg1 Qb6+ 38.Kf1 Qf6+ 1/2-1/2

[Event "XXVI C.to Italiano femminile"]
[Site "Porto San Giorgio ITA"]
[Date "1999.08.23"]
[Round "4"]
[White "Arnetta, Maria Teresa"]
[Black "De Nisi, Martina"]
[Result "1-0"]
[WhiteElo "1792"]
[BlackElo "1515"]
[PlyCount "69"]
[EventDate "1999.08.20"]

1.e4 e6 2.d4 d5 3.Nd2 Nf6 4.e5 Nfd7 5.Bd3 c5 6.c3 Nc6 7.Ne2 Qb6 8.Nf3 cxd4
9.cxd4 Bb4+ 10.Kf1 f6 11.Nf4 fxe5 12.Nxe6 Nf6 13.Nxg7+ Kf7 14.Nh5 Bg4 15.
Nxf6 Kxf6 16.h3 Bd7 17.Bg5+ Ke6 18.Nxe5 Nxe5 19.dxe5 Rhf8 20.Qg4+ Kxe5 21.
Qe2+ Kd6 22.Be7+ Kc7 23.Rc1+ Bc6 24.Qe5+ Kd7 25.Bxf8 Rxf8 26.Bf5+ Kd8 27.
a3 Bc5 28.Qb8+ Ke7 29.Re1+ Kf7 30.Be6+ Kf6 31.Qf4+ Kg6 32.Qg4+ Kh6 33.Qh4+
Kg6 34.Qg4+ Kh6 35.Re5 1-0

[Event "XXVI C.to Italiano femminile"]
[Site "Porto San Giorgio ITA"]
[Date "1999.08.23"]
[Round "4"]
[White "Arnetta, Marianna"]
[Black "Bonzano, Maria Angela"]
[Result "1-0"]
[WhiteElo "1714"]
[BlackElo "1593"]
[PlyCount "71"]
[EventDate "1999.08.20"]

1.e4 c6 2.d4 d5 3.exd5 cxd5 4.Bd3 Nf6 5.c3 Bg4 6.Ne2 Nc6 7.Bg5 e6 8.O-O 
Be7 9.Nd2 h6 10.Bh4 O-O 11.f3 Bh5 12.Bxf6 Bxf6 13.Nf4 Bg6 14.Bxg6 Qd6 15.
Nxe6 Qxe6 16.Bc2 Ne7 17.Re1 Qd7 18.Nb3 b6 19.Qd3 g6 20.Qe3 h5 21.Qf4 Bg7 
22.Qg5 Rae8 23.Nd2 Kh7 24.Qxh5+ Bh6 25.Nf1 Kg7 26.Qe5+ Kg8 27.Qg3 Nf5 28.
Qg4 Qc8 29.Bxf5 Qxf5 30.Qxf5 gxf5 31.Kf2 f4 32.g3 Kg7 33.gxf4 Bxf4 34.Ng3 
Rh8 35.Rxe8 Rxe8 36.Nh5+ 1-0

[Event "XXVI C.to Italiano femminile"]
[Site "Porto San Giorgio ITA"]
[Date "1999.08.23"]
[Round "4"]
[White "Barbiso, Tiziana"]
[Black "Sirletti, Sonia"]
[Result "1/2-1/2"]
[WhiteElo "2050"]
[BlackElo "1804"]
[PlyCount "127"]
[EventDate "1999.08.20"]

1.e4 e6 2.c4 g6 3.d4 d6 4.Nc3 Bg7 5.Be3 Nf6 6.h3 O-O 7.Be2 e5 8.Nf3 Nc6 9.
O-O exd4 10.Nxd4 Ne5 11.Qe1 Re8 12.f4 Ned7 13.Qh4 Nc5 14.e5 Nfe4 15.Qxd8 
Rxd8 16.exd6 Nxc3 17.bxc3 cxd6 18.Bf3 Bd7 19.Rab1 Rab8 20.Rfd1 a6 21.Rb6 
Re8 22.Bf2 Ne4 23.Bxe4 Rxe4 24.Rxd6 Ba4 25.Re1 Rxe1+ 26.Bxe1 Rc8 27.Bh4 
Bf8 28.Rd8 Rxd8 29.Bxd8 Bd6 30.g3 Kf8 31.Kf2 Bd7 32.h4 Ke8 33.Bf6 Ba4 34.
Ke3 Kd7 35.Nb3 Ke6 36.Bd4 Kd7 37.Be5 Be7 38.Na5 Bc6 39.Kd4 f5 40.Nb3 Ba4 
41.Na5 Bc6 42.Kd3 Ba3 43.Nb3 Be7 44.Bd4 Ke6 45.Be5 Kd7 46.Nd4 Be4+ 47.Kd2 
Bb1 48.a4 Be4 49.Ke3 Ba3 50.Kd2 Bc5 51.Bb8 Bc6 52.a5 Bg2 53.Ke2 Ba3 54.Be5
Be4 55.Kd2 Bg2 56.Ke2 Be7 57.Nb3 Kc6 58.Bd4 Bd8 59.Be3 Be4 60.Kd2 Bc7 61.
Nd4+ Kd7 62.Nb3 Bc6 63.Kd3 Be4+ 64.Kd2 1/2-1/2

[Event "XXVI C.to Italiano femminile"]
[Site "Porto San Giorgio ITA"]
[Date "1999.08.23"]
[Round "4"]
[White "De Nisi, Roberta"]
[Black "Parrino, Giuseppina"]
[Result "0-1"]
[WhiteElo "1540"]
[BlackElo "1840"]
[PlyCount "102"]
[EventDate "1999.08.20"]

1.c4 e5 2.Nc3 Nf6 3.d3 b6 4.Nf3 d6 5.g3 Bb7 6.Bg2 Be7 7.O-O Nbd7 8.b4 O-O 
9.e4 h6 10.Bb2 Nh7 11.Qb3 Ng5 12.Nh4 Ne6 13.Nf5 Nf6 14.Nd5 Nxd5 15.cxd5 
Ng5 16.f4 Nh7 17.fxe5 dxe5 18.Bxe5 Bf6 19.Qc3 Bxe5 20.Qxe5 f6 21.Ne7+ Kh8 
22.Ng6+ Kg8 23.Qf4 Rf7 24.Rac1 Qd7 25.Bf3 Bc8 26.Bg2 Ng5 27.Nh4 Ba6 28.Qe3
Re8 29.Nf5 Qb5 30.a3 Qxd3 31.Qxd3 Bxd3 32.Rfe1 Re5 33.Re3 Bxe4 34.Bxe4 
Nxe4 35.Rce1 Rxf5 36.Rxe4 Rxd5 37.Re8+ Kh7 38.R8e7 Rd7 39.R7e3 a6 40.R1e2 
Rd1+ 41.Kf2 Rc1 42.Rd2 c5 43.Re6 c4 44.Rc6 b5 45.Ra2 Rd7 46.Ke2 Rd3 47.Kf2
Rb3 48.Rxa6 c3 49.Re2 Ra1 50.Rb6 Rb2 51.Rc6 Raa2 0-1

[Event "XXVI C.to Italiano femminile"]
[Site "Porto San Giorgio ITA"]
[Date "1999.08.23"]
[Round "4"]
[White "Sautto, Alessandra"]
[Black "Capuano, Francesca"]
[Result "1-0"]
[WhiteElo "1515"]
[BlackElo "1651"]
[PlyCount "131"]
[EventDate "1999.08.20"]

1.e4 e5 2.Nf3 Nf6 3.Nc3 Nc6 4.d4 exd4 5.Nxd4 Bb4 6.Nxc6 bxc6 7.Bd3 O-O 8.
O-O d5 9.exd5 cxd5 10.Bd2 c6 11.a3 Bd6 12.Ne2 Qc7 13.Ng3 Re8 14.Kh1 Bg4 
15.Be2 Bxe2 16.Nxe2 Ne4 17.Be3 Bxh2 18.Qd3 Bd6 19.g3 Qd7 20.Kg2 Nf6 21.Rh1
h6 22.Rh3 Qe6 23.Nc3 c5 24.Nb5 d4 25.Nxd6 Qxd6 26.Bd2 Qd5+ 27.f3 c4 28.Qf1
Ng4 29.Kg1 Ne3 30.Bxe3 dxe3 31.Rh2 Rad8 32.Re2 Qd4 33.c3 Qd3 34.Rae1 Rd5 
35.Kg2 a5 36.Qg1 Rdd8 37.Rxe3 Rxe3 38.Rxe3 Qd2+ 39.Qf2 Qxf2+ 40.Kxf2 Rd2+ 
41.Re2 Rd7 42.Re8+ Kh7 43.Ra8 Rd2+ 44.Ke3 Rd5 45.Rc8 Rb5 46.Rxc4 Rxb2 47.
Ra4 Rb5 48.Kd4 h5 49.c4 Rg5 50.c5 Rxg3 51.c6 Rxf3 52.Kc5 Rf5+ 53.Kd6 Rf6+ 
54.Kd7 Rf5 55.c7 Rc5 56.c8=Q Rxc8 57.Kxc8 g5 58.Rxa5 Kg6 59.Rc5 h4 60.Rc1 
g4 61.a4 g3 62.Rg1 Kf5 63.a5 Kf4 64.a6 h3 65.a7 h2 66.Rf1+ 1-0

[Event "XXVI C.to Italiano femminile"]
[Site "Porto San Giorgio ITA"]
[Date "1999.08.24"]
[Round "5"]
[White "Bonzano, Maria Angela"]
[Black "Barbiso, Tiziana"]
[Result "0-1"]
[WhiteElo "1593"]
[BlackElo "2050"]
[PlyCount "74"]
[EventDate "1999.08.20"]

1.d4 d5 2.c4 e6 3.cxd5 exd5 4.Nc3 c6 5.Nf3 Bf5 6.a3 Bd6 7.e3 Nf6 8.Bd3 
Bxd3 9.Qxd3 Nbd7 10.b4 a6 11.Rb1 Qe7 12.O-O O-O 13.Re1 Ne4 14.Qc2 f5 15.
Qb3 Rf6 16.Nd2 Bxh2+ 17.Kf1 Rh6 18.Ncxe4 fxe4 19.Ke2 Qe6 20.Kd1 Qg4+ 21.f3
exf3 22.gxf3 Qe6 23.e4 Re8 24.e5 Bg3 25.Rf1 Qf5 26.Ne4 Rg6 27.Nd6 Qh3 28.
Qd3 Rf8 29.Nxb7 Bf4 30.Kc2 Rg2+ 31.Kb3 Rg3 32.Qxa6 Bxc1 33.Rbxc1 Rfxf3+ 
34.Rxf3 Rxf3+ 35.Kb2 Rb3+ 36.Ka2 Qe3 37.Qa8+ Nf8 0-1

[Event "XXVI C.to Italiano femminile"]
[Site "Porto San Giorgio ITA"]
[Date "1999.08.24"]
[Round "5"]
[White "Capuano, Francesca"]
[Black "Arnetta, Marianna"]
[Result "1-0"]
[WhiteElo "1651"]
[BlackElo "1714"]
[PlyCount "117"]
[EventDate "1999.08.20"]

1.d4 Nf6 2.Nf3 g6 3.c4 Bg7 4.Nc3 d6 5.e4 O-O 6.Be2 Nbd7 7.O-O e5 8.d5 a5 
9.Qc2 Nc5 10.Bg5 h6 11.Be3 b6 12.Nd2 Ne8 13.a3 f5 14.exf5 gxf5 15.f4 Bd7 
16.fxe5 dxe5 17.b4 axb4 18.axb4 Nb7 19.Rxa8 Qxa8 20.c5 f4 21.Bf2 Bf5 22.
Qb3 Qd8 23.Bf3 Kh8 24.Nc4 Nf6 25.Nxe5 Nh7 26.Nc6 Qf6 27.Bd4 Qg5 28.Qc4 Rg8
29.Kh1 h5 30.Bxg7+ Rxg7 31.Ne4 Qh4 32.Qd4 Bxe4 33.Bxe4 Ng5 34.Bd3 bxc5 35.
bxc5 Nxc5 36.Qxc5 f3 37.gxf3 Qf4 38.Qc1 Qh4 39.Qd2 Nh3 40.Qh6+ Kg8 41.Qe3 
Rf7 42.Qe8+ Kg7 43.Qe5+ Rf6 44.Qg3+ Qxg3 45.hxg3 Ng5 46.Kg2 Rh6 47.Re1 Kf8
48.f4 Nf7 49.Re6 Rh8 50.Ne5 Nxe5 51.fxe5 h4 52.Rf6+ Ke7 53.g4 Ra8 54.Kh3 
Ra3 55.Rf3 Rc3 56.Kxh4 c5 57.dxc6 Rxc6 58.Bf5 Kf7 59.Bd7+ 1-0

[Event "XXVI C.to Italiano femminile"]
[Site "Porto San Giorgio ITA"]
[Date "1999.08.24"]
[Round "5"]
[White "De Nisi, Martina"]
[Black "Sautto, Alessandra"]
[Result "0-1"]
[WhiteElo "1515"]
[BlackElo "1515"]
[PlyCount "50"]
[EventDate "1999.08.20"]

1.c4 e5 2.Nc3 Nf6 3.g3 d5 4.cxd5 Nxd5 5.Bg2 Be6 6.e3 Be7 7.Nge2 Nc6 8.O-O 
O-O 9.b3 Qd7 10.Bb2 Nf6 11.Ne4 Nxe4 12.Bxe4 Bh3 13.Bg2 Bxg2 14.Kxg2 Rad8 
15.d4 exd4 16.Nxd4 Bf6 17.Qc2 Qd5+ 18.Kg1 Nxd4 19.Bxd4 Bxd4 20.exd4 Rd7 
21.Rfd1 Rfd8 22.Rd2 Qg5 23.Rad1 c5 24.f4 Qe7 25.dxc5 Qe3+ 0-1

[Event "XXVI C.to Italiano femminile"]
[Site "Porto San Giorgio ITA"]
[Date "1999.08.24"]
[Round "5"]
[White "Parrino, Giuseppina"]
[Black "Arnetta, Maria Teresa"]
[Result "1-0"]
[WhiteElo "1840"]
[BlackElo "1792"]
[PlyCount "41"]
[EventDate "1999.08.20"]

1.e4 c5 2.Nc3 e6 3.Bc4 Nc6 4.Nf3 Nge7 5.a3 d5 6.exd5 Nxd5 7.d3 Be7 8.O-O 
Nxc3 9.bxc3 Bf6 10.Bb2 O-O 11.d4 Qc7 12.Qd2 Rd8 13.Bd3 g6 14.Qe3 Qb6 15.
Rab1 Kg7 16.Bc1 Qc7 17.Qh6+ Kg8 18.Ng5 Bxg5 19.Bxg5 f6 20.Bxf6 Rd5 21.Bxg6
1-0

[Event "XXVI C.to Italiano femminile"]
[Site "Porto San Giorgio ITA"]
[Date "1999.08.24"]
[Round "5"]
[White "Sirletti, Sonia"]
[Black "De Nisi, Roberta"]
[Result "1-0"]
[WhiteElo "1804"]
[BlackElo "1540"]
[PlyCount "25"]
[EventDate "1999.08.20"]

1.d4 f5 2.Nc3 e6 3.Nf3 Be7 4.e4 fxe4 5.Nxe4 Nf6 6.Bd3 b6 7.Ne5 O-O 8.Nxf6+
Rxf6 9.Qh5 h6 10.Bg5 Qf8 11.Bxf6 Qxf6 12.Qe8+ Qf8 13.Qg6 1-0

[Event "XXVI C.to Italiano femminile"]
[Site "Porto San Giorgio ITA"]
[Date "1999.08.25"]
[Round "6"]
[White "Arnetta, Maria Teresa"]
[Black "Sirletti, Sonia"]
[Result "1/2-1/2"]
[WhiteElo "1792"]
[BlackElo "1804"]
[PlyCount "46"]
[EventDate "1999.08.20"]

1.e4 e6 2.d4 d5 3.Nd2 dxe4 4.Nxe4 Bd7 5.c3 Bc6 6.Bd3 Nd7 7.Nf3 Ngf6 8.Qe2 
Nxe4 9.Bxe4 Bxe4 10.Qxe4 c6 11.Bg5 Be7 12.h4 Nf6 13.Bxf6 Bxf6 14.O-O-O Qd5
15.Qxd5 cxd5 16.g4 b5 17.a3 a5 18.Kd2 Be7 19.Ra1 O-O 20.Ne5 b4 21.axb4 
axb4 22.g5 bxc3+ 23.bxc3 f6 1/2-1/2

[Event "XXVI C.to Italiano femminile"]
[Site "Porto San Giorgio ITA"]
[Date "1999.08.25"]
[Round "6"]
[White "Barbiso, Tiziana"]
[Black "Capuano, Francesca"]
[Result "0-1"]
[WhiteElo "2050"]
[BlackElo "1651"]
[PlyCount "58"]
[EventDate "1999.08.20"]

1.e4 e5 2.Nf3 Nf6 3.Nc3 Nc6 4.Bb5 Bb4 5.d3 d6 6.O-O O-O 7.Bg5 Bxc3 8.bxc3 
h6 9.Bc1 Bd7 10.Re1 a6 11.Bc4 Na5 12.Bb3 Nxb3 13.cxb3 Re8 14.Qc2 c6 15.Ba3
Bg4 16.Nd2 d5 17.f3 Bd7 18.Rad1 Nh5 19.Nf1 Qg5 20.Qd2 Nf4 21.Bc1 Bh3 22.g3
Qg6 23.exd5 Nxd5 24.c4 Nf4 25.Bb2 f6 26.d4 Rad8 27.Kh1 Bg2+ 28.Kg1 Bxf3 
29.Rc1 Nh3# 0-1

[Event "XXVI C.to Italiano femminile"]
[Site "Porto San Giorgio ITA"]
[Date "1999.08.25"]
[Round "6"]
[White "De Nisi, Martina"]
[Black "Parrino, Giuseppina"]
[Result "0-1"]
[WhiteElo "1515"]
[BlackElo "1840"]
[PlyCount "66"]
[EventDate "1999.08.20"]

1.c4 c5 2.Nc3 e6 3.e3 a6 4.g3 Qc7 5.Bg2 Nc6 6.a3 b6 7.Nf3 Bb7 8.O-O Nf6 9.
d4 cxd4 10.exd4 Ne7 11.b3 d5 12.Na4 Ng6 13.Be3 Ng4 14.c5 bxc5 15.dxc5 Nxe3
16.fxe3 Bxc5 17.Qd3 Ba7 18.Rac1 Qd6 19.b4 Bc6 20.Nc3 O-O 21.Qd2 Ne5 22.Ne4
Nxf3+ 23.Rxf3 Qc7 24.Nf2 Qd7 25.Ng4 Qd6 26.Kh1 Rac8 27.Bf1 d4 28.Rxc6 Qxc6
29.Kg2 f5 30.Ne5 Qe4 31.Nc4 dxe3 32.Nxe3 Rfd8 33.Qe2 Rc3 0-1

[Event "XXVI C.to Italiano femminile"]
[Site "Porto San Giorgio ITA"]
[Date "1999.08.25"]
[Round "6"]
[White "De Nisi, Roberta"]
[Black "Bonzano, Maria Angela"]
[Result "1-0"]
[WhiteElo "1540"]
[BlackElo "1593"]
[PlyCount "29"]
[EventDate "1999.08.20"]

1.c4 e5 2.Nc3 d6 3.g3 Nc6 4.Bg2 g6 5.Nf3 Bg7 6.d3 f5 7.Nd5 Nf6 8.Bg5 O-O 
9.O-O Be6 10.Nxf6+ Bxf6 11.Qd2 e4 12.Bxf6 Qxf6 13.Ng5 exd3 14.Nxe6 dxe2 
15.Rfe1 1-0

[Event "XXVI C.to Italiano femminile"]
[Site "Porto San Giorgio ITA"]
[Date "1999.08.25"]
[Round "6"]
[White "Sautto, Alessandra"]
[Black "Arnetta, Marianna"]
[Result "0-1"]
[WhiteElo "1515"]
[BlackElo "1714"]
[PlyCount "80"]
[EventDate "1999.08.20"]

1.e4 g6 2.d4 Bg7 3.Nf3 d6 4.h3 c5 5.dxc5 Qa5+ 6.Bd2 Qxc5 7.Bc3 Nf6 8.Bd3 
Nc6 9.a3 Bd7 10.Nbd2 a6 11.Nb3 Qb6 12.Qd2 Rc8 13.O-O O-O 14.Rfe1 e5 15.Qc1
Nh5 16.Bd2 Be6 17.Be3 Qc7 18.Bh6 Nf4 19.Bxf4 exf4 20.Nbd2 Qe7 21.c3 g5 22.
Bb1 h5 23.Qc2 Be5 24.Qd3 g4 25.hxg4 hxg4 26.Nh2 Qh4 27.Ba2 Kg7 28.Ndf1 f3 
29.Ng3 Rh8 30.Nhf1 Bxg3 31.fxg3 Qh1+ 32.Kf2 Qxg2+ 33.Ke3 Bxa2 34.Rxa2 Ne5 
35.Qd5 Rh1 36.Raa1 Rxf1 37.Rxf1 Qe2+ 38.Kf4 f2 39.Qd1 Ng6+ 40.Kf5 Rc5+ 0-1

[Event "XXVI C.to Italiano femminile"]
[Site "Porto San Giorgio ITA"]
[Date "1999.08.26"]
[Round "7"]
[White "Arnetta, Marianna"]
[Black "Barbiso, Tiziana"]
[Result "0-1"]
[WhiteElo "1714"]
[BlackElo "2050"]
[PlyCount "92"]
[EventDate "1999.08.20"]

1.e4 e6 2.d4 d5 3.exd5 exd5 4.Bd3 Bd6 5.c3 c6 6.Qc2 Nf6 7.Bg5 Bg4 8.Nd2 
Nbd7 9.f3 Qe7+ 10.Ne2 Bh5 11.O-O-O Bg6 12.Rde1 Bxd3 13.Qxd3 O-O 14.Ng3 Qd8
15.Nf5 Qc7 16.g4 Rfe8 17.h4 Bf4 18.Kb1 h6 19.Bxf6 Nxf6 20.h5 Bg5 21.Rd1 g6
22.hxg6 fxg6 23.f4 Qxf4 24.Nxh6+ Kg7 25.Nf5+ gxf5 26.gxf5 Re3 27.Qc2 Re2 
28.Qb3 Qxf5+ 29.Kc1 Bxd2+ 30.Rxd2 Rxd2 31.Qxb7+ Qd7 32.Qxd7+ Nxd7 33.Kxd2 
Kf6 34.Kc2 Ke6 35.Kb3 Kd6 36.Kb4 Kc7 37.Ka5 Kb7 38.b3 Nf8 39.Kb4 Ne6 40.
Ka5 Nf4 41.Kb4 Ne2 42.c4 Kb6 43.c5+ Ka6 44.a4 Nxd4 45.Kc3 Ne6 46.Kb4 Kb7 
0-1

[Event "XXVI C.to Italiano femminile"]
[Site "Porto San Giorgio ITA"]
[Date "1999.08.26"]
[Round "7"]
[White "Bonzano, Maria Angela"]
[Black "Arnetta, Maria Teresa"]
[Result "0-1"]
[WhiteElo "1593"]
[BlackElo "1792"]
[PlyCount "100"]
[EventDate "1999.08.20"]

1.d4 Nf6 2.Nf3 e6 3.Bg5 b6 4.e3 Bb7 5.Bd3 Be7 6.O-O O-O 7.Nbd2 d5 8.c4 
Nbd7 9.Qc2 h6 10.Bh4 c5 11.dxc5 Nxc5 12.Be2 Rc8 13.Qd1 Nce4 14.cxd5 Bxd5 
15.a3 Qc7 16.Rc1 Qb7 17.Nxe4 Bxe4 18.Qa4 Bc6 19.Qa6 Rfd8 20.Qxb7 Bxb7 21.
Nd4 Nd5 22.Bxe7 Nxe7 23.h3 e5 24.Nf3 f6 25.Bc4+ Bd5 26.Bxd5+ Nxd5 27.Rfd1 
Rxc1 28.Rxc1 Rd7 29.Rd1 b5 30.e4 Nb6 31.Rxd7 Nxd7 32.Nd2 Kf7 33.f3 Nc5 34.
Kf1 Ke6 35.Ke2 a5 36.b4 axb4 37.axb4 Na6 38.Kd3 Nxb4+ 39.Kc3 Nc6 40.Nb3 
Kd6 41.Nc1 Kc5 42.Nb3+ Kb6 43.g3 g5 44.h4 gxh4 45.gxh4 h5 46.Kd3 Ne7 47.
Ke3 Ng6 48.Kf2 Nxh4 49.Kg3 Ng6 50.Nc1 b4 0-1

[Event "XXVI C.to Italiano femminile"]
[Site "Porto San Giorgio ITA"]
[Date "1999.08.26"]
[Round "7"]
[White "Capuano, Francesca"]
[Black "De Nisi, Roberta"]
[Result "1/2-1/2"]
[WhiteElo "1651"]
[BlackElo "1540"]
[PlyCount "56"]
[EventDate "1999.08.20"]

1.d4 Nf6 2.Nf3 g6 3.c4 Bg7 4.h3 O-O 5.Bf4 c5 6.e3 Nc6 7.Nc3 d5 8.Be2 Qa5 
9.O-O dxc4 10.Bxc4 b6 11.Ne5 Nxe5 12.Bxe5 Ba6 13.Bxa6 Qxa6 14.dxc5 bxc5 
15.Rc1 Rad8 16.Qc2 Nd5 17.Bxg7 Kxg7 18.Nxd5 Rxd5 19.a3 Rc8 20.Rfd1 Rd6 21.
Qc3+ Kg8 22.Rd2 c4 23.Rd4 Rdc6 24.Rcd1 Rd6 25.Rc1 Rdc6 26.Rcd1 Rd6 27.Rc1 
Rdc6 28.Rcd1 Rd6 1/2-1/2

[Event "XXVI C.to Italiano femminile"]
[Site "Porto San Giorgio ITA"]
[Date "1999.08.26"]
[Round "7"]
[White "Parrino, Giuseppina"]
[Black "Sautto, Alessandra"]
[Result "1-0"]
[WhiteElo "1840"]
[BlackElo "1515"]
[PlyCount "69"]
[EventDate "1999.08.20"]

1.e4 c5 2.Nc3 d6 3.f4 e6 4.Nf3 Nf6 5.Bc4 Nbd7 6.O-O a6 7.a4 Be7 8.d3 O-O 
9.f5 exf5 10.exf5 Nb6 11.Bb3 Bxf5 12.Ng5 Bg6 13.Qf3 Qc7 14.Bd2 Nbd7 15.
Rae1 Ne5 16.Qg3 Qd8 17.Nf3 Nxf3+ 18.Qxf3 Qc7 19.Bg5 Rae8 20.Ne2 Nh5 21.Bd2
b5 22.axb5 axb5 23.Nc3 c4 24.Nd5 Qc5+ 25.Be3 Qc8 26.dxc4 Qd7 27.cxb5 Rb8 
28.Nxe7+ Qxe7 29.c4 Qd7 30.Bg5 Qa7+ 31.Kh1 Rfe8 32.Rxe8+ Rxe8 33.Qc6 f6 
34.c5+ Bf7 35.Qxe8# 1-0

[Event "XXVI C.to Italiano femminile"]
[Site "Porto San Giorgio ITA"]
[Date "1999.08.26"]
[Round "7"]
[White "Sirletti, Sonia"]
[Black "De Nisi, Martina"]
[Result "1-0"]
[WhiteElo "1804"]
[BlackElo "1515"]
[PlyCount "33"]
[EventDate "1999.08.20"]

1.d4 Nf6 2.c4 g6 3.Nc3 d5 4.Nf3 Bg7 5.Bg5 dxc4 6.e3 Nd5 7.Bxc4 Nxc3 8.bxc3
Bg4 9.h3 Bf5 10.Qb3 f6 11.Bf4 b6 12.Bg8 Kd7 13.Qd5+ Kc8 14.Qxa8 Rxg8 15.c4
a5 16.c5 Kd7 17.cxb6 1-0

[Event "XXVI C.to Italiano femminile"]
[Site "Porto San Giorgio ITA"]
[Date "1999.08.27"]
[Round "8"]
[White "Arnetta, Maria Teresa"]
[Black "Capuano, Francesca"]
[Result "1-0"]
[WhiteElo "1792"]
[BlackElo "1651"]
[PlyCount "45"]
[EventDate "1999.08.20"]

1.e4 e5 2.Bc4 Nf6 3.d3 c6 4.Nf3 d6 5.O-O Be7 6.Re1 O-O 7.Nc3 Bg4 8.h3 Bh5 
9.Bb3 Nbd7 10.Be3 Qc7 11.g4 Bg6 12.Nh4 Kh8 13.Kh2 Qd8 14.Nf5 Nb6 15.Qf3 h5
16.Rg1 hxg4 17.hxg4 Nh7 18.Kg2 Bg5 19.Rh1 Kg8 20.Rh2 Qf6 21.Rah1 Bxe3 22.
Qxe3 Qd8 23.Nh4 1-0

[Event "XXVI C.to Italiano femminile"]
[Site "Porto San Giorgio ITA"]
[Date "1999.08.27"]
[Round "8"]
[White "De Nisi, Martina"]
[Black "Bonzano, Maria Angela"]
[Result "0-1"]
[WhiteElo "1515"]
[BlackElo "1593"]
[PlyCount "67"]
[EventDate "1999.08.20"]

1.c4 e5 2.Nc3 d6 3.g3 Nc6 4.Bg2 g6 5.d3 Bg7 6.Nf3 Nf6 7.O-O O-O 8.Be3 Bd7 
9.Qc1 Re8 10.Bh6 Bh8 11.Bg5 Qc8 12.Bxf6 Bxf6 13.Nd5 Bg7 14.Ng5 Ne7 15.
Nxe7+ Rxe7 16.Ne4 h6 17.f4 f5 18.Nc3 exf4 19.Qxf4 Kh7 20.e4 Be5 21.Qd2 c6 
22.d4 Bg7 23.exf5 Bxf5 24.Qf4 Qd7 25.Be4 Bxe4 26.Nxe4 Bxd4+ 27.Kg2 Bxb2 
28.Rab1 Be5 29.Qxe5 dxe5 30.Nf6+ Kg7 31.Nxd7 Rxd7 32.Kh3 Rf8 33.Rfe1 Re7 
34.Rb2 0-1

[Event "XXVI C.to Italiano femminile"]
[Site "Porto San Giorgio ITA"]
[Date "1999.08.27"]
[Round "8"]
[White "De Nisi, Roberta"]
[Black "Arnetta, Marianna"]
[Result "0-1"]
[WhiteElo "1540"]
[BlackElo "1714"]
[PlyCount "108"]
[EventDate "1999.08.20"]

1.c4 c5 2.Nc3 d6 3.g3 Bf5 4.Bg2 Nc6 5.Nf3 e5 6.d3 Be7 7.a3 Qc8 8.O-O Bh3 
9.Rb1 h5 10.e4 h4 11.Nd5 Bxg2 12.Kxg2 hxg3 13.fxg3 Qh3+ 14.Kf2 g5 15.Ke1 
g4 16.Be3 gxf3 17.Qxf3 O-O-O 18.Rf2 Qe6 19.b4 Nd4 20.Qd1 Nf6 21.Nxf6 Bxf6 
22.Qa4 Kb8 23.Qd1 Be7 24.b5 b6 25.a4 Rd7 26.Qd2 Rxh2 27.Bxd4 Rh1+ 28.Rf1 
Rxf1+ 29.Kxf1 exd4 30.a5 Qh3+ 31.Qg2 Qxg2+ 32.Kxg2 bxa5 33.Ra1 Bd8 34.Rh1 
Kb7 35.Rh7 a4 36.Rh1 Kb6 37.Ra1 Ka5 38.Kf2 Re7 39.g4 Re8 40.Ke2 Rh8 41.Rd1
Rh2+ 42.Kf3 a3 43.Kg3 Rb2 44.Rf1 a2 45.Rxf7 Bb6 46.g5 a1=Q 47.Kg4 Qg1+ 48.
Kh5 Rh2+ 49.Kg6 Qg4 50.Rf5 Qh5+ 51.Kg7 Qh7+ 52.Kf8 Bd8 53.Rf6 Qe7+ 54.Kg8 
Rh7 0-1

[Event "XXVI C.to Italiano femminile"]
[Site "Porto San Giorgio ITA"]
[Date "1999.08.27"]
[Round "8"]
[White "Parrino, Giuseppina"]
[Black "Sirletti, Sonia"]
[Result "1/2-1/2"]
[WhiteElo "1840"]
[BlackElo "1804"]
[PlyCount "131"]
[EventDate "1999.08.20"]

1.e4 e6 2.d3 d5 3.exd5 exd5 4.Nf3 Bd6 5.Be2 Ne7 6.O-O O-O 7.b3 c5 8.d4 
Nbc6 9.dxc5 Bxc5 10.Bb2 Bf5 11.Bd3 Rc8 12.Qd2 Bxd3 13.Qxd3 Nb4 14.Qd2 d4 
15.a3 Nbc6 16.Qd3 Ng6 17.Nbd2 Nce5 18.Qe4 Nc6 19.Rad1 Re8 20.Qd3 Nce5 21.
Nxe5 Nxe5 22.Qf5 Qc7 23.Ne4 Bf8 24.Bxd4 Ng6 25.c4 Qf4 26.Qxf4 Nxf4 27.Ng3 
Ne2+ 28.Nxe2 Rxe2 29.Bxa7 Bxa3 30.Rd7 Re7 31.Rfd1 Kf8 32.Rd8+ Rxd8 33.
Rxd8+ Re8 34.Rxe8+ Kxe8 35.f3 Kd7 36.Bd4 g6 37.Kf2 Kc6 38.Ke3 Bd6 39.h3 f5
40.g4 fxg4 41.hxg4 h5 42.gxh5 gxh5 43.Bf6 Kc5 44.Bc3 h4 45.Kf2 h3 46.Bd2 
Kd4 47.Be3+ Kc3 48.c5 Bc7 49.f4 Kxb3 50.f5 Be5 51.Kf3 Kc4 52.Bf2 Kd5 53.
Be3 h2 54.Kg2 Ke4 55.Bh6 Kxf5 56.Bf8 Ke6 57.Bh6 Kd5 58.Be3 Bd4 59.Bf4 Be5 
60.Be3 Bd4 61.Bf4 Kxc5 62.Bxh2 b5 63.Kf1 b4 64.Ke2 Kc4 65.Kd2 Kb3 66.Bd6 
1/2-1/2

[Event "XXVI C.to Italiano femminile"]
[Site "Porto San Giorgio ITA"]
[Date "1999.08.27"]
[Round "8"]
[White "Sautto, Alessandra"]
[Black "Barbiso, Tiziana"]
[Result "0-1"]
[WhiteElo "1515"]
[BlackElo "2050"]
[PlyCount "92"]
[EventDate "1999.08.20"]

1.e4 e6 2.d4 d5 3.exd5 exd5 4.Nf3 Bd6 5.Nc3 c6 6.Be3 Nf6 7.h3 Bf5 8.Bd3 
Bxd3 9.Qxd3 Nbd7 10.O-O O-O 11.Rfe1 Re8 12.Re2 Ne4 13.Rae1 f5 14.Qd1 Ndf6 
15.Bg5 h6 16.Bxf6 Qxf6 17.Qd3 Re7 18.Ne5 Bxe5 19.dxe5 Rxe5 20.Qd4 Re6 21.
Qb4 Qf7 22.f3 Ng5 23.Rxe6 Nxe6 24.Qd6 Re8 25.Kh2 Nc7 26.Rxe8+ Nxe8 27.Qc5 
a6 28.Ne2 Qe6 29.Qf2 Qe5+ 30.Ng3 Nd6 31.c3 Qf4 32.Qe1 Kf7 33.Kh1 Qg5 34.
Qe5 Qf6 35.Qxf6+ Kxf6 36.Nh5+ Kf7 37.g4 Nc4 38.b3 Nd6 39.Nf4 fxg4 40.fxg4 
Ne4 41.Ne2 Kf6 42.Kg2 Ke5 43.Kf3 Ng5+ 44.Kg3 Ke4 45.Nf4 Ke3 46.Ng2+ Kd3 
0-1

[Event "XXVI C.to Italiano femminile"]
[Site "Porto San Giorgio ITA"]
[Date "1999.08.28"]
[Round "9"]
[White "Arnetta, Marianna"]
[Black "Arnetta, Maria Teresa"]
[Result "0-1"]
[WhiteElo "1714"]
[BlackElo "1792"]
[PlyCount "32"]
[EventDate "1999.08.20"]

1.e4 c5 2.Nf3 Nf6 3.Nc3 d5 4.exd5 Nxd5 5.Bc4 Nb6 6.Qe2 Nxc4 7.Qxc4 Nc6 8.
Qxc5 e5 9.Qe3 Bd6 10.Nxe5 Bxe5 11.f4 O-O 12.fxe5 Nd4 13.Qd3 Bf5 14.Ne4 
Qh4+ 15.g3 Qxe4+ 16.Qxe4 Bxe4 0-1

[Event "XXVI C.to Italiano femminile"]
[Site "Porto San Giorgio ITA"]
[Date "1999.08.28"]
[Round "9"]
[White "Barbiso, Tiziana"]
[Black "De Nisi, Roberta"]
[Result "1/2-1/2"]
[WhiteElo "2050"]
[BlackElo "1540"]
[PlyCount "109"]
[EventDate "1999.08.20"]

1.e4 c5 2.c3 Nc6 3.d4 cxd4 4.cxd4 e6 5.Nc3 Bb4 6.Nf3 Qc7 7.Bd3 Nge7 8.Bd2 
Bxc3 9.bxc3 d5 10.e5 Ng6 11.O-O O-O 12.h4 f5 13.Ng5 Re8 14.Nxh7 Kxh7 15.
Qh5+ Kg8 16.Qxg6 Qf7 17.Qg5 Bd7 18.Be2 Rec8 19.g3 Be8 20.Kg2 Qg6 21.Qf4 
Na5 22.h5 Qh7 23.Qh4 Rc7 24.Rh1 Nc4 25.Bg5 Na3 26.Rac1 Bb5 27.Bf3 Rac8 28.
Qf4 Bd3 29.Qd2 Be4 30.Qb2 Nc4 31.Qb4 a5 32.Qa4 Nb6 33.Qxa5 Nd7 34.Qb4 
Bxf3+ 35.Kxf3 Rc4 36.Qb2 R8c7 37.Qd2 Nb6 38.Bd8 R7c6 39.Bxb6 Rxb6 40.Kg2 
Rbc6 41.Rh2 Rc7 42.Rhh1 R7c6 43.Qg5 Rc7 44.Rb1 Rxc3 45.Rb6 f4 46.Qxf4 Rf7 
47.Qg4 Qc2 48.Rf1 Rcf3 49.Kh3 Rxf2 50.Rxf2 Qxf2 51.Rxe6 Qf1+ 52.Kh4 Qh1+ 
53.Qh3 Qe4+ 54.Qg4 Qh1+ 55.Qh3 1/2-1/2

[Event "XXVI C.to Italiano femminile"]
[Site "Porto San Giorgio ITA"]
[Date "1999.08.28"]
[Round "9"]
[White "Bonzano, Maria Angela"]
[Black "Parrino, Giuseppina"]
[Result "0-1"]
[WhiteElo "1593"]
[BlackElo "1840"]
[PlyCount "82"]
[EventDate "1999.08.20"]

1.d4 d5 2.c4 e6 3.cxd5 Qxd5 4.a3 c5 5.Nf3 Nc6 6.Nc3 Qd8 7.e3 cxd4 8.Nxd4 
Nxd4 9.Qxd4 Qxd4 10.exd4 a6 11.g3 Ne7 12.Bg2 Nc6 13.Be3 Be7 14.d5 Na5 15.
b4 Bf6 16.Rc1 Nc4 17.dxe6 fxe6 18.Nb1 Nxe3 19.fxe3 O-O 20.O-O Rb8 21.Rc7 
b5 22.Rfc1 Bg5 23.R1c3 Rd8 24.Kf2 Bf6 25.R3c5 Bd7 26.Bh3 Kf8 27.Nd2 Be7 
28.Rc2 Bd6 29.R7c3 Ke7 30.Ne4 Be5 31.Rc5 Ba1 32.Nd2 h6 33.Ra2 Bf6 34.Ne4 
Rf8 35.Nxf6 Rxf6+ 36.Ke2 Rbf8 37.Kd3 Rf2 38.Rxf2 Rxf2 39.Rc2 Rf6 40.Kd4 
e5+ 41.Kxe5 Bxh3 0-1